000 00788nam a2200181 4500
001 139809
003 ES-MaACL
005 20230906195919.0
007 t|
008 070214s1972 sp r ||||1| spa d
100 1 _aSchirren, Carl.
_9104384
245 1 0 _aAndrología práctica
_b: información e indicaciones prácticas para el médico en el ejercicio profesional : diagnóstico, exploración clínica, morfología de los espermatozoides, bioquímica del espermoplasma, histología testicular, tratamiento /
_cpor Carl Schirren ; [versión... J. L. Serrano Salagaray].
250 _a1ª ed.
260 _aMadrid [etc.] :
_bAlhambra,
_c1972.
300 _a94 p., 2 lám. col. :
_bil. ;
_c25 cm.
700 1 _aSerrano Salagaray, J. L.
_9105795
852 _aES-MaACL
_jC-44002
_bR.83935
999 _c139809
_d139809